| 000 | 00750nam a22001817a 4500 | ||
|---|---|---|---|
| 003 | OSt | ||
| 005 | 20250910061331.0 | ||
| 008 | 250910b |||||||| |||| 00| 0 eng d | ||
| 020 | _a978-971-94981-0-0 | ||
| 040 |
_aDWCL-Main lib _cOC |
||
| 082 | _aFil.371.36 C626d 2010 | ||
| 100 | _aClemeña, Rose Marie- Salazar | ||
| 245 |
_aDeveloping national standards for school counseling programs in the Philippines/ _cClemeña, Rose Marie- Salazar |
||
| 260 |
_a[place of publication not identified] : _bGuidance counselors circle inc., and Asian psychology services and assessment corp. , _cc2010. |
||
| 300 |
_a illustrations ; _b illustrations ; _c 27cm. |
||
| 650 | _aSchool counseling programs-- Philippines-- Standard. | ||
| 942 |
_2ddc _cBK - FIL _kFil. _n0 |
||
| 999 |
_c4471 _d4471 |
||